| 000 | 00475nam a2200157Ia 4500 | ||
|---|---|---|---|
| 999 |
_c9618 _d9618 |
||
| 020 | _a0415191106 | ||
| 082 | _a305.80095209045 JAP- | ||
| 245 | 0 | _aJapan and global migration: foreign workers and the advent of a multicultural society | |
| 260 |
_aLondon _bRoutledge _c2000 |
||
| 300 | _axiii, 306 | ||
| 504 | _aincludes index | ||
| 650 |
_aJapan _vEmigration and immigration _vGovernment policy |
||
| 700 | _aRoberts, Glenda S. | ||
| 700 | _aDouglass, Mike | ||
| 942 |
_cBK _2ddc |
||